| 000 | 00495 a2200145 4500 | ||
|---|---|---|---|
| 008 | 110606t xxu||||| |||| 00| 0 eng d | ||
| 020 | _a9780750686600 | ||
| 100 | _aWaller, Derek L. | ||
| 245 |
_aStatistics for business _cDerek L.Waller |
||
| 260 |
_bElsevier _c2008 _aUSA |
||
| 300 |
_aix,524 p. _c25 cm. |
||
| 650 | _acommercial stastistics | ||
| 942 |
_cBK _2lcc |
||
| 999 |
_c38464 _d38464 |
||